000 00542nam a2200229Ia 4500
005 20260320201347.0
008 008 262003s9999 xx 000 0 eng d
037 _aEBOOK
040 _aCRL
040 _beng
040 _cCRL
041 _2eng
041 _aeng
084 _qCRL
100 _aMontfort
_91134880
245 0 _a10 PRINT CHR
_(205.5+RND(1)); : GOTO 10
260 _bIEEE
856 _uhttps://ieeexplore.ieee.org/servlet/opac?bknumber=6451066
942 _cEBOOK
999 _c1720784
_d1720784